Derecho penal aplicado Parte Especial. Delitos contra los intereses individuales y las relaciones familiares /

Bibliographic Details
Main Author: Jaň Vallejo, Manuel
Other Authors: Agudo Fernǹdez, Enrique, Perrino Přez, ℓngel Luis
Format: eBook
Language:Spanish
Published: Madrid: Dykinson, 2020
Subjects:
Online Access:Acceso restringido

MARC

LEADER 00000nam a22000007a 4500
005 2020052007427.0
007 cr|||| ||||
008 200520s2020 es |||||s|||| 00||0 spa d
020 |a 978-84-9148-626-8 
035 |a 31534 
040 |a vLex 
090 |c 10346  |d 10346 
100 1 |a Jaň Vallejo, Manuel 
245 1 0 |a Derecho penal aplicado  |h [Recurso electrn̤ico] :  |b Parte Especial. Delitos contra los intereses individuales y las relaciones familiares /  |c Manuel Jaň Vallejo, Enrique Agudo Fernǹdez, ℓngel Luis Perrino Přez 
256 |a Servicio en ln̕ea 
260 |a Madrid:  |b Dykinson,  |c 2020 
300 |a 1 recurso electrn̤ico 
506 1 |a Disponible solo en los productos indicados  |d vLex Global  |d vLex Global (Academic Edition, excluding Law Schools)  |d vLex Global (U.S. Academic Edition, Law Schools)  |d vLex Global (U.S. Academic Edition, excluding Law Schools)  |d vLex Global (Academic Edition, Law Schools) 
650 0 4 |a Derecho Penal  |z Espaą 
700 1 |a Agudo Fernǹdez, Enrique 
700 1 |a Perrino Přez, ℓngel Luis 
740 0 |a vLex Libros (Servicio en ln̕ea) 
856 4 0 |u http://vlex.com/source/derecho-penal-aplicado-parte-especial-delitos-intereses-individuales-relaciones-familiares-31534  |z Acceso restringido 
942 |c BOOK 
999 0 |a Criminal law